000 00669nam a2200217 a 4500
005 20240924071244.0
008 090604s2006 mx r 000 0 spa d
020 _a8426361188
035 _aUPN01000170956
049 _aI
050 4 _aPZ73
_bM6.3
100 1 _aMosteiro, Carlos
245 1 0 _aEse unicornio rosa /
_cCarlos Mosteiro ; il. Jesús Gabán ; tr. Mercedes Pérez Gómez.
260 _aZaragoza, Esp. :
_bEdelvives,
_c2006.
300 _a149 p. :
_bil.
440 0 _aAla delta.
_pVerde ;
_v55
534 _pTítulo original:
_tEse unicornio rosa
650 4 _aLiteratura infantil
_94445
650 4 _aImaginación en niños
_912146
905 _aInfantil
999 _c143061
_d143061